Obálka Náhled e-knihy:
PDF
Pro půjčování e-knih musíte být přihlášeni.
Jak si půjčit online?

Od pohádky k pohádce. Minnie /

Pohádkové příběhy myšky Minnie a jejích kamarádů.

Uloženo v:
Další autoři: Steinerová, Irena, 1966- (Překladatel)
Médium: E-kniha
Jazyk:Czech
Vydáno: V Praze : Egmont, 2023
Vydání:1. vydání
Edice:Disney. Minnie
Začínáme číst (Egmont)
Témata:
Tagy:
Žádné tagy
LEADER 02323nam a2200529 i 4500
001 312553
003 CZ PrSKC
005 20260601215724.0
007 ta
008 231006s2023 xr a b 000 j cze
015 |a cnb003553756 
020 |a 9788025256077  |q (vázáno) :  |c Kč 199,00 
035 |a (OCoLC)1408817091 
040 |a ABG001  |b cze  |d BOA001  |e rda 
041 1 |a cze  |h eng 
072 7 |a 821-93  |x Literatura pro děti a mládež (beletrie)  |2 Konspekt 
080 |a 821-32  |2 MRF 
080 |a 821-93  |2 MRF 
080 |a (0:82-32)  |2 MRF 
130 0 |a Minnie mouse mysteries.  |l Česky 
245 1 0 |a Od pohádky k pohádce.  |p Minnie /  |c z anglického originálu ... přeložila Irena Steinerová 
246 3 0 |a Minnie 
250 |a 1. vydání 
264 1 |a V Praze :  |b Egmont,  |c 2023 
300 |a 61 stran :  |b barevné ilustrace ;  |c 24 cm 
336 |a text  |b txt  |2 rdacontent 
336 |a statický obraz  |b sti  |2 rdacontent 
337 |a bez média  |b n  |2 rdamedia 
338 |a svazek  |b nc  |2 rdacarrier 
490 1 |a Disney. Minnie 
490 1 |a Začínáme číst 
505 0 0 |t Ztracené narcisy --  |t Kde je Fifi? --  |t Záhada v muzeu 
520 2 |a Pohádkové příběhy myšky Minnie a jejích kamarádů.  |b Pomozte Minnie a jejím kamarádům vyřešit záhadu zmizelých narcisů, vypátrejte ztracenou fenku Fifi a přečtěte si, jak se přátelům podařilo rozlousknout zapeklitý rébus v muzeu. Vypravte se s oblíbenými hrdiny z animovaných pohádek. Nakladatelská anotace. Kráceno. 
521 8 |a Pro děti od 4 let 
655 7 |a příběhy  |7 fd133204  |2 czenas 
655 7 |a publikace pro děti  |7 fd133156  |2 czenas 
655 9 |a stories  |2 eczenas 
655 9 |a children's literature  |2 eczenas 
700 1 |a Steinerová, Irena,  |d 1966-  |7 jn20010309566  |4 trl 
830 0 |a Disney.  |p Minnie 
830 0 |a Začínáme číst (Egmont) 
900 |a ABA001  |b 20 
928 9 |a Albatros Media - Egmont 
044 |a xr 
910 |a RBIT002 
998 |d 415264  |a https://core.palmknihy.cz/api/books/415264/cover?sma5gy  |b https://core.palmknihy.cz/api/books/415264/cover/400?sma5gy  |c https://core.palmknihy.cz/api/books/415264/cover/50?sma5gy  |e 2026-12-31  |g 64  |i 9788025256077  |k https://core.palmknihy.cz/api/books/415264/preview.pdf  |l   |q 49  |r 1  |s https://www.palmknihy.cz/kniha/415264  |t ebook  |y 2023  |z 0 
999 |d 312551